00702cam a2200181 450000500170000000800410001702000150005805000200007310000270009324500610012025000110018126001050019230000210029750400210031865000480033965100820038765100510046920170614111849.0090103n1978 sp 000 0 spa u a847232187804aF799 bN38 19781 aNavarro García, Luis13aLa Conquista de Nuevo México /cLuis Navarro García. a1a ed. aMadrid, España :bEdiciones Cultura Hispánica del Centro Iberoamericano de Cooperación, c1978 a125 p. ;c23 cm. aIncluye índice 2LEMBaEspañoleszNuevo MéxicoxHistoria 72lembaNuevo México (Estados Unidos) xHistoria xDescubrimiento y conquista172lembaMéxico xHistoria xColonia, 1517-1821